[Event "XXXV Memorial Edoardo Crespi A"]
[Site "Milano ITA"]
[Date "2014.12.08"]
[Round "6"]
[White "Ricci, Leonardo"]
[Black "De Vincentiis, Federico"]
[WhiteElo "1814"]
[BlackElo "1842"]
[Result "0-1"]
[PlyCount "100"]
[EventDate "2014.12.04"]

1. e4 c5 2. Nf3 d6 3. d4 cxd4 4. Nxd4 Nf6 5. Bd3 a6 6. Nc3 e5 7. Nf3 h6 8. h3
Be7 9. Be3 Be6 10. Qe2 Qc7 11. Nd2 b5 12. f4 exf4 13. Bxf4 Nbd7 14. Nf3 Ne5 15.
Nxe5 dxe5 16. Be3 b4 17. Nd1 Qb7 18. Nf2 O-O 19. O-O a5 20. b3 Rfc8 21. Bc1 Qc7
22. Bb2 Bc5 23. Kh1 Bb6 24. Rae1 Rd8 25. Nd1 Nh7 26. Ne3 Bxe3 27. Qxe3 f6 28.
Rf3 Kh8 29. Qf2 Qd7 30. h4 Qe8 31. g3 Bg4 32. Rfe3 Rac8 33. Bc4 Rd6 34. Rd3
Rxd3 35. cxd3 Bd7 36. Rc1 Qh5 37. Ba6 Rxc1+ 38. Bxc1 Qd1+ 39. Qg1 Qc2 40. a3
Bg4 41. Qe3 Qxb3 42. axb4 axb4 43. Bc4 Qd1+ 44. Kg2 Be2 45. Qd2 Qf1+ 46. Kh2
Bf3 47. g4 Nf8 48. Kg3 Be2 49. Qe3 Ng6 50. Bd2 Nf4 0-1

[Event "XXXV Memorial Edoardo Crespi A"]
[Site "Milano ITA"]
[Date "2014.12.08"]
[Round "6"]
[White "Sannino, Raffaele"]
[Black "Barolo, Andrea"]
[WhiteElo "2025"]
[BlackElo "1968"]
[Result "0-1"]
[PlyCount "22"]
[EventDate "2014.12.04"]

1. Nf3 Nf6 2. c4 g6 3. Nc3 d5 4. e3 Bg7 5. b4 O-O 6. Qb3 Be6 7. Bb2 a5 8. d4
dxc4 9. Bxc4 a4 10. Nxa4 Bxc4 11. Qxc4 Rxa4 0-1

[Event "XXXV Memorial Edoardo Crespi A"]
[Site "Milano ITA"]
[Date "2014.12.08"]
[Round "6"]
[White "Ventura, Salvatore"]
[Black "Sibajeva, Marija"]
[WhiteElo "2049"]
[BlackElo "1817"]
[Result "1-0"]
[PlyCount "163"]
[EventDate "2014.12.04"]

1. c4 c5 2. g3 Nc6 3. Bg2 g6 4. Nc3 Bg7 5. Nf3 e5 6. O-O Nge7 7. a3 d6 8. Rb1
Be6 9. d3 h6 10. b4 cxb4 11. axb4 d5 12. b5 Nd4 13. Nxd4 exd4 14. Na4 Rc8 15.
c5 O-O 16. Ba3 Re8 17. Qb3 Qd7 18. Rfc1 g5 19. Rc2 Bh3 20. Bh1 Kh8 21. Rbc1 Bg4
22. Re1 Rcd8 23. c6 bxc6 24. Bxe7 Rxe7 25. bxc6 Qc7 26. Qb5 Rde8 27. f3 Bh3 28.
Bg2 Bf5 29. Bf1 Re3 30. Rb1 Be5 31. Kf2 g4 32. Qb7 gxf3 33. Qxc7 Bxc7 34. Rb7
fxe2 35. Bxe2 R8e7 36. Nc5 Bc8 37. Rb4 Bb6 38. Nb3 R3e6 39. Bf3 Rf6 40. Kg2 Re3
41. Be2 Ba6 42. Nxd4 Bxd4 43. Rxd4 Ree6 44. Rxd5 Rxc6 45. Rxc6 Rxc6 46. Rd7 Rc2
47. Kf3 Bc8 48. Rxa7 Kg7 49. Ke3 Be6 50. h4 Rc5 51. Ra4 Re5+ 52. Re4 Ra5 53.
Bg4 Bb3 54. Rb4 Bd5 55. Bf3 Be6 56. Be4 Ra1 57. Rb2 Re1+ 58. Re2 Ra1 59. Kf4
Rf1+ 60. Ke5 Bg4 61. Re3 Ra1 62. d4 Ra7 63. d5 Re7+ 64. Kd4 Re8 65. Bf3 Rxe3
66. Kxe3 Bd7 67. Kd4 Kf6 68. Kc5 Ke5 69. d6 Kf5 70. Bd5 Kf6 71. Bc6 Ke6 72.
Bxd7+ Kxd7 73. Kd5 h5 74. Kc5 Kc8 75. Kc6 Kd8 76. d7 f5 77. Kd5 f4 78. gxf4
Kxd7 79. Ke5 Ke7 80. Kf5 Kf7 81. Kg5 Ke6 82. f5+ 1-0

[Event "XXXV Memorial Edoardo Crespi A"]
[Site "Milano ITA"]
[Date "2014.12.08"]
[Round "6"]
[White "Virzi, Ettore"]
[Black "Ni, Polina"]
[WhiteElo "1966"]
[BlackElo "1864"]
[Result "1-0"]
[PlyCount "61"]
[EventDate "2014.12.04"]

1. e4 Nf6 2. e5 Nd5 3. d4 d6 4. Nf3 Nc6 5. c4 Nb6 6. e6 fxe6 7. Nc3 g6 8. h4 e5
9. d5 Nd4 10. Nxd4 exd4 11. Qxd4 Rg8 12. Be3 Bg7 13. Qd2 e5 14. Bg5 Qd7 15. f3
Qf7 16. Be2 Bf6 17. Ne4 Be7 18. O-O-O Bd7 19. Be3 O-O-O 20. Qa5 Kb8 21. Rd3 Nc8
22. Bxa7+ Nxa7 23. Ra3 c5 24. Qxa7+ Kc7 25. Qa5+ Kb8 26. Qb6 Bc8 27. Nc3 Qf4+
28. Kb1 Bf5+ 29. Ka1 Kc8 30. Ra7 Kd7 31. Qb5+ 1-0

[Event "XXXV Memorial Edoardo Crespi A"]
[Site "Milano ITA"]
[Date "2014.12.08"]
[Round "6"]
[White "Ziedins, Roberts"]
[Black "Cerioni, Armando"]
[WhiteElo "1770"]
[BlackElo "1938"]
[Result "1-0"]
[PlyCount "77"]
[EventDate "2014.12.04"]

1. e4 e6 2. d3 d5 3. Nd2 Nf6 4. g3 dxe4 5. dxe4 e5 6. Ngf3 Nc6 7. Bg2 Bc5 8.
O-O Bg4 9. c3 O-O 10. Qc2 Qe7 11. Nb3 Bb6 12. h3 Be6 13. Bg5 h6 14. Bxf6 Qxf6
15. c4 a5 16. c5 Ba7 17. Qc3 a4 18. Nc1 Nd4 19. Nxd4 exd4 20. Qb4 Rab8 21. Nd3
b5 22. b3 Qe7 23. Qxd4 Rfd8 24. Qc3 Rxd3 25. Qxd3 Bxc5 26. Rfd1 Qf6 27. Qc2 Bb6
28. Rac1 Qg6 29. Kh2 f5 30. exf5 Bxf5 31. Qe2 Rf8 32. f4 axb3 33. axb3 h5 34.
Qxb5 Qh6 35. Rc6 g6 36. Qd5+ Kh7 37. Re1 h4 38. Re7+ Kh8 39. Qe5+ 1-0

[Event "XXXV Memorial Edoardo Crespi A"]
[Site "Milano ITA"]
[Date "2014.12.08"]
[Round "7"]
[White "Barolo, Andrea"]
[Black "Ranfagni, Stefano"]
[WhiteElo "1968"]
[BlackElo "2016"]
[Result "1-0"]
[PlyCount "59"]
[EventDate "2014.12.04"]

1. e4 e6 2. d4 d5 3. Nd2 Nf6 4. e5 Nfd7 5. Bd3 c5 6. c3 Nc6 7. Ne2 cxd4 8. cxd4
f6 9. exf6 Nxf6 10. Nf3 Bd6 11. O-O O-O 12. Bf4 Bxf4 13. Nxf4 Ne4 14. Qc1 Ng5
15. Nxg5 Qxg5 16. Ne2 Qf6 17. Qd2 Bd7 18. Rac1 e5 19. dxe5 Nxe5 20. Nd4 Nc6 21.
Nb3 Rad8 22. Rfd1 Ne5 23. Rf1 Nxd3 24. Qxd3 Bf5 25. Qd4 Qg6 26. Rc3 b6 27. Rg3
Qf7 28. Re1 Rc8 29. Re5 Rc2 30. Rxf5 1-0

[Event "XXXV Memorial Edoardo Crespi A"]
[Site "Milano ITA"]
[Date "2014.12.08"]
[Round "7"]
[White "Baronio, Gaia"]
[Black "Blasco, Domenico"]
[WhiteElo "1792"]
[BlackElo "1902"]
[Result "0-1"]
[PlyCount "176"]
[EventDate "2014.12.04"]

1. e4 g6 2. d4 Bg7 3. Nf3 d6 4. Nc3 a6 5. a4 b6 6. Bd3 Nd7 7. O-O Bb7 8. Be3 c5
9. Qd2 Ngf6 10. h3 O-O 11. Bh6 cxd4 12. Nxd4 Qc7 13. Bxg7 Kxg7 14. Qg5 e6 15.
Nf3 Qc5 16. Qxc5 Nxc5 17. Nd2 d5 18. Rfe1 dxe4 19. Bxe4 Ncxe4 20. Ndxe4 Nxe4
21. Nxe4 Rfd8 22. f3 Bxe4 23. Rxe4 Rd2 24. Rc4 Rad8 25. Kf1 R8d5 26. g4 Rh2 27.
Kg1 Rdd2 28. Rc1 Rxh3 29. Rc3 Rg3+ 30. Kf1 Rgg2 31. b3 Rh2 32. Kg1 h5 33. gxh5
Rxh5 34. Rc6 Rg5+ 35. Kf1 Rh2 36. Re1 Rgg2 37. Rc1 Rg5 38. Re1 Rf5 39. Rc3 g5
40. Kg1 Rd2 41. Ree3 Rfd5 42. Rc6 Rd6 43. Rc7 Kg6 44. Rec3 R2d4 45. Kf2 g4 46.
Ra7 a5 47. Rcc7 Rf4 48. Kg3 Rxf3+ 49. Kxg4 Rf1 50. Kg3 Rf5 51. Rab7 Kg7 52. Rb8
Rd1 53. Rxb6 Rg1+ 54. Kh2 Rg6 55. Rc3 Rh5+ 56. Rh3 Rd5 57. Rc6 Rd2+ 58. Kh1
Rgg2 59. Rhc3 Rge2 60. Rg3+ Kf6 61. c4 Re1+ 62. Rg1 Re3 63. Rf1+ Ke7 64. Rb6 f5
65. Kg1 Rb2 66. Rb5 Rbxb3 67. Rxa5 Rbc3 68. Rf4 Rc2 69. Rc5 Re1+ 70. Rf1 Re4
71. Rc7+ Kd6 72. Ra7 Rcxc4 73. Rd1+ Ke5 74. Ra1 Rc2 75. a5 Ree2 76. a6 f4 77.
Rb7 Ra2 78. Rb5+ Kf6 79. Ra5 Rg2+ 80. Kf1 Raf2+ 81. Ke1 Re2+ 82. Kf1 f3 83.
R5a4 Ref2+ 84. Ke1 Re2+ 85. Kf1 e5 86. a7 Rh2 87. Ra6+ Kf5 88. Kg1 Reg2+ 0-1

[Event "XXXV Memorial Edoardo Crespi A"]
[Site "Milano ITA"]
[Date "2014.12.08"]
[Round "7"]
[White "Bisignano, Giuseppe"]
[Black "Piantoni, Pierino"]
[WhiteElo "1850"]
[BlackElo "1889"]
[Result "1-0"]
[PlyCount "93"]
[EventDate "2014.12.04"]

1. e4 Nc6 2. d4 d5 3. e5 Bf5 4. Nf3 e6 5. a3 Be7 6. Bd3 Bg6 7. O-O Nh6 8. Bf4
Bxd3 9. Qxd3 g5 10. Be3 Nf5 11. g4 Ng7 12. Nc3 f5 13. exf6 Bxf6 14. Rae1 O-O
15. Ne2 Ne7 16. h4 Ng6 17. h5 e5 18. dxe5 Nxe5 19. Nxe5 Bxe5 20. Bd4 Bxd4 21.
Nxd4 Qd7 22. f3 c5 23. h6 Qd6 24. Ne2 Ne6 25. Rf2 c4 26. Qc3 Qc5 27. Qe5 Rae8
28. c3 Rf7 29. Nd4 Nc7 30. Qxg5+ Kf8 31. Rxe8+ Kxe8 32. Qg8+ Qf8 33. Re2+ Kd7
34. Qxf8 Rxf8 35. Kg2 Na6 36. Nf5 Rf7 37. Re5 Kc6 38. g5 Nc5 39. Ne7+ Kb5 40.
Nxd5 Nd3 41. Re7 Rf5 42. Nc7+ Ka4 43. Ne6 b5 44. Rxh7 Nf4+ 45. Nxf4 Rxg5+ 46.
Kf2 Kb3 47. Rg7 1-0

[Event "XXXV Memorial Edoardo Crespi A"]
[Site "Milano ITA"]
[Date "2014.12.08"]
[Round "7"]
[White "Bonassi, Tommaso"]
[Black "Ventura, Salvatore"]
[WhiteElo "1981"]
[BlackElo "2049"]
[Result "1/2-1/2"]
[PlyCount "61"]
[EventDate "2014.12.04"]

1. e4 e6 2. d3 d5 3. Nd2 c5 4. Ngf3 Nc6 5. g3 Bd6 6. Bg2 Nge7 7. O-O O-O 8. Re1
Qc7 9. Qe2 f6 10. c3 Bd7 11. a3 a5 12. Nf1 b5 13. Be3 e5 14. exd5 Nxd5 15. N3d2
Nxe3 16. Nxe3 Rae8 17. Nd5 Qb8 18. Qh5 Ne7 19. Rad1 Be6 20. Nxe7+ Rxe7 21. Ne4
Bf7 22. Qf3 Qc7 23. Nxd6 Qxd6 24. Qc6 Qxc6 25. Bxc6 b4 26. axb4 axb4 27. d4
cxd4 28. cxd4 Rc7 29. d5 Rd8 30. Rc1 Kf8 31. Rcd1 1/2-1/2

[Event "XXXV Memorial Edoardo Crespi A"]
[Site "Milano ITA"]
[Date "2014.12.08"]
[Round "7"]
[White "Cerioni, Armando"]
[Black "Andolfatto, Maria"]
[WhiteElo "1938"]
[BlackElo "1751"]
[Result "1/2-1/2"]
[PlyCount "50"]
[EventDate "2014.12.04"]

1. e4 e5 2. Nf3 Nc6 3. Bc4 Bc5 4. c3 Nf6 5. d3 h6 6. Nbd2 d6 7. Bb3 O-O 8. O-O
Be6 9. Bc2 Bb6 10. h3 Nh7 11. Re1 Qd7 12. Nf1 f5 13. exf5 Bxf5 14. Be3 Nf6 15.
Ng3 Be6 16. Bb3 Bxb3 17. Qxb3+ Qf7 18. Qxf7+ Rxf7 19. Rad1 Nd5 20. Bxb6 axb6
21. a3 Nf4 22. Kh2 Raf8 23. Re3 Ne7 24. d4 exd4 25. Nxd4 Nc6 1/2-1/2

[Event "XXXV Memorial Edoardo Crespi A"]
[Site "Milano ITA"]
[Date "2014.12.08"]
[Round "7"]
[White "Ciciotti, Augusto"]
[Black "Virzi, Ettore"]
[WhiteElo "1880"]
[BlackElo "1966"]
[Result "0-1"]
[PlyCount "32"]
[EventDate "2014.12.04"]

1. d4 Nf6 2. Nf3 g6 3. g3 Bg7 4. Bg2 O-O 5. O-O d6 6. c4 Nc6 7. Nc3 a6 8. h3
Rb8 9. a4 Bf5 10. Nh4 Bd7 11. e4 Qc8 12. Kh2 Nxd4 13. Be3 c5 14. Nd5 Nxd5 15.
exd5 b5 16. Rc1 bxa4 0-1

[Event "XXXV Memorial Edoardo Crespi A"]
[Site "Milano ITA"]
[Date "2014.12.08"]
[Round "7"]
[White "Dei Giudici, Paolo"]
[Black "De Vincentiis, Federico"]
[WhiteElo "1761"]
[BlackElo "1842"]
[Result "0-1"]
[PlyCount "124"]
[EventDate "2014.12.04"]

1. e4 c5 2. Nf3 d6 3. d4 cxd4 4. Nxd4 Nf6 5. Nc3 a6 6. Be2 e5 7. Nb3 Be6 8. Bg5
Be7 9. Bxf6 Bxf6 10. O-O Nc6 11. Nd5 Bxd5 12. Qxd5 Qc7 13. c3 O-O 14. a4 Rad8
15. a5 Ne7 16. Qc4 Qb8 17. Rfd1 Rc8 18. Qb4 Rc6 19. c4 Ng6 20. g3 Be7 21. Qd2
Qc8 22. Kg2 f5 23. Qd5+ Kh8 24. Nd2 f4 25. Bh5 Rf6 26. Nf3 Rc5 27. Qd2 h6 28.
b3 Kh7 29. Rac1 Nh8 30. Nh4 g6 31. Be2 Qf8 32. b4 Rc7 33. Bg4 h5 34. Bh3 g5 35.
Bf5+ Kh6 36. Nf3 Nf7 37. b5 Nd8 38. Rg1 Rxf5 39. exf5 Qxf5 40. Qc2 e4 41. Nd4
Qe5 42. Rcd1 f3+ 43. Kh1 d5 44. Rge1 Rxc4 45. Nxf3 Qf6 46. Qe2 Bb4 47. Rxd5
Qxf3+ 48. Qxf3 exf3 49. Red1 Ne6 50. bxa6 bxa6 51. h4 gxh4 52. Rf5 Kg6 53. Rxf3
hxg3 54. fxg3 Nd4 55. Rf4 Bc5 56. Rdf1 Rc2 57. Re1 Ne2 58. Rf3 Kg5 59. Rd3 Kg4
60. Ra1 Nxg3+ 61. Rxg3+ Kxg3 62. Rg1+ Bxg1 0-1

[Event "XXXV Memorial Edoardo Crespi A"]
[Site "Milano ITA"]
[Date "2014.12.08"]
[Round "7"]
[White "Donadi, Luca"]
[Black "Quagliarella, Sabino Remo"]
[WhiteElo "1785"]
[BlackElo "1848"]
[Result "0-1"]
[PlyCount "202"]
[EventDate "2014.12.04"]

1. e4 c5 2. Ne2 e5 3. g3 d5 4. Bg2 d4 5. d3 Nf6 6. O-O Bd6 7. f4 Bg4 8. fxe5
Bxe5 9. Qe1 Nc6 10. a3 O-O 11. Nd2 Qd7 12. Nc4 Rae8 13. Bf4 Nh5 14. Nxe5 Nxe5
15. Bxe5 Rxe5 16. Qd2 h6 17. Nf4 Nxf4 18. Rxf4 b5 19. Raf1 Be6 20. Rd1 Rd8 21.
Bf3 c4 22. Be2 Rc5 23. Qe1 c3 24. b4 Re5 25. Qf2 Qe7 26. Rb1 a5 27. Qf1 axb4
28. Rxb4 Ra8 29. Qc1 Qa7 30. Rf1 Qxa3 31. Qxa3 Rxa3 32. Rxd4 Ra2 33. Rc1 f5 34.
Bf3 g6 35. exf5 gxf5 36. Kf2 Kg7 37. Rb4 Ra4 38. Rcb1 Ra2 39. Rc1 Bd7 40. h4
Kf6 41. Rd4 Be6 42. Rb4 Bd7 43. Rd4 Re7 44. Rd6+ Kg7 45. Bd5 Rb2 46. Bb3 Be8
47. Rd5 b4 48. Rd4 Bh5 49. Rxb4 Re2+ 50. Kf1 Re7 51. Rc4 Be2+ 52. Kg1 Bxd3 53.
Rxc3 Be4 54. Re3 Rc7 55. Rce1 h5 56. R1e2 Kf6 57. Kf2 Rb1 58. Re1 Rxe1 59. Rxe1
Ke5 60. c4 Kd4 61. Bd1 Rh7 62. Be2 Rh6 63. Rd1+ Kc5 64. Ke3 Rh8 65. Kf4 Rh7 66.
Rd8 Rg7 67. Rc8+ Kd6 68. Bxh5 Re7 69. Rd8+ Kc7 70. Rd4 Bc2 71. Bf3 Kb6 72. Bd5
Rg7 73. Rd2 Ba4 74. Rd3 Kc5 75. Kxf5 Bc2 76. Kf6 Ra7 77. Rf3 Bd1 78. Rf5 Kd4
79. Rg5 Ra6+ 80. Kg7 Ra7+ 81. Kh6 Bc2 82. Rg7 Ra6+ 83. Kg5 Ra3 84. g4 Bb3 85.
h5 Ra5 86. Kh6 Ra6+ 87. Kh7 Bc2+ 88. Kh8 Ke5 89. Rb7 Kf6 90. Rf7+ Kg5 91. Rg7+
Kh6 92. Rg6+ Bxg6 93. hxg6 Rxg6 94. Bf3 Rf6 95. Bd5 Rf8+ 96. Bg8 Rc8 97. g5+
Kg6 98. c5 Rxc5 99. Ba2 Rxg5 100. Kg8 Kf6+ 101. Kf8 Ra5 0-1

[Event "XXXV Memorial Edoardo Crespi A"]
[Site "Milano ITA"]
[Date "2014.12.08"]
[Round "7"]
[White "Giaretta, Fulvio"]
[Black "Lavorgna, Giovanni"]
[WhiteElo "1815"]
[BlackElo "1961"]
[Result "1-0"]
[PlyCount "81"]
[EventDate "2014.12.04"]

1. e4 c5 2. Nf3 d6 3. d4 cxd4 4. Nxd4 Nf6 5. Nc3 Nc6 6. Be2 e6 7. Be3 Be7 8.
O-O O-O 9. Qd2 a6 10. a4 Qc7 11. Nb3 b6 12. f3 Bb7 13. Rfc1 Rfd8 14. a5 Nxa5
15. Nxa5 bxa5 16. Na4 Nd7 17. c4 Bc6 18. b3 Rab8 19. Qc2 Qb7 20. Rcb1 Bf6 21.
Ra2 Qc7 22. Kh1 Ba8 23. Qd2 Ne5 24. Bd4 Bc6 25. Qc3 Rb4 26. Rba1 Rdb8 27. Bd1
h6 28. Nb2 a4 29. Nxa4 Qe7 30. Nb2 Kh7 31. Rxa6 R8b7 32. Bc2 g6 33. f4 Bxe4 34.
Bxe4 Rxb3 35. Qc2 Ng4 36. Bxf6 Qxf6 37. Nd3 Qd4 38. Bxb7 Rxd3 39. R6a2 Nf2+ 40.
Qxf2 Rd1+ 41. Rxd1 1-0

[Event "XXXV Memorial Edoardo Crespi A"]
[Site "Milano ITA"]
[Date "2014.12.08"]
[Round "7"]
[White "Lavorgna, Filippo"]
[Black "Montaruli, Roberto"]
[WhiteElo "1739"]
[BlackElo "1835"]
[Result "1/2-1/2"]
[PlyCount "63"]
[EventDate "2014.12.04"]

1. Nf3 Nf6 2. c4 g6 3. g3 Bg7 4. Bg2 d6 5. O-O O-O 6. Nc3 Nc6 7. d3 e5 8. Bd2
Re8 9. Rb1 e4 10. Ne1 Bf5 11. dxe4 Nxe4 12. Bxe4 Bxe4 13. Nxe4 Rxe4 14. b3 d5
15. cxd5 Qxd5 16. Be3 Qf5 17. Nd3 Rd8 18. Qc2 Nd4 19. Bxd4 Bxd4 20. e3 Bb6 21.
Rbc1 Re7 22. Nb2 Qxc2 23. Rxc2 c6 24. Kg2 Red7 25. Rfc1 Kg7 26. Nc4 Kf6 27.
Nxb6 axb6 28. Kf3 Rd2 29. Kg2 Ke5 30. Kf1 Ke4 31. Rc4+ Ke5 32. R4c2 1/2-1/2

[Event "XXXV Memorial Edoardo Crespi A"]
[Site "Milano ITA"]
[Date "2014.12.08"]
[Round "7"]
[White "Marinc, Damir"]
[Black "Ferrari, Claudio"]
[WhiteElo "2049"]
[BlackElo "1969"]
[Result "1/2-1/2"]
[PlyCount "40"]
[EventDate "2014.12.04"]

1. d4 d5 2. Nf3 Nf6 3. Bg5 Ne4 4. Bf4 c6 5. c3 Qb6 6. Qb3 Nd7 7. e3 Ndf6 8. Be2
Bf5 9. O-O h6 10. h3 e6 11. Nbd2 Bd6 12. Bxd6 Nxd6 13. Qa3 Qc7 14. Ne5 O-O 15.
g4 Bh7 16. f3 Nd7 17. Nxd7 Nc4 18. Nxc4 Qg3+ 19. Kh1 Qxh3+ 20. Kg1 Qg3+ 1/2-1/2

[Event "XXXV Memorial Edoardo Crespi A"]
[Site "Milano ITA"]
[Date "2014.12.08"]
[Round "7"]
[White "Monticone, Sonia"]
[Black "Valdettaro, Filippo"]
[WhiteElo "1902"]
[BlackElo "1750"]
[Result "1-0"]
[PlyCount "99"]
[EventDate "2014.12.04"]

1. c4 Nf6 2. Nc3 g6 3. e4 d6 4. d4 Bg7 5. Be2 O-O 6. Bg5 Nbd7 7. Qd2 c5 8. d5
Re8 9. g4 Nb6 10. f3 e6 11. h4 exd5 12. cxd5 a6 13. h5 Nbd7 14. hxg6 fxg6 15.
Nh3 b5 16. Nf4 Ne5 17. Ne6 Bxe6 18. dxe6 Rxe6 19. a4 Nc4 20. Qc1 Rb8 21. axb5
axb5 22. Nxb5 Nb6 23. Bf4 Ne8 24. Bh6 Bf6 25. Bf4 Bg7 26. Kf2 Qf6 27. Nc3 Qe7
28. Qf1 Rd8 29. Nd5 Nxd5 30. exd5 Bd4+ 31. Ke1 Bxb2 32. Ra2 Bc3+ 33. Kd1 Qb7
34. Kc2 Rxe2+ 35. Qxe2 Bg7 36. Qe6+ Qf7 37. Qxf7+ Kxf7 38. Ra7+ Kg8 39. g5 Rb8
40. Re1 Kf8 41. Re6 c4 42. Bxd6+ Nxd6 43. Rxd6 c3 44. Rc6 Rb2+ 45. Kd3 Rb8 46.
Rac7 Kg8 47. Rc8+ Rxc8 48. Rxc8+ Kf7 49. Rc7+ Kg8 50. Ke4 1-0

[Event "XXXV Memorial Edoardo Crespi A"]
[Site "Milano ITA"]
[Date "2014.12.08"]
[Round "7"]
[White "Moreschi, Mauro"]
[Black "Botta, Massimiliano"]
[WhiteElo "1795"]
[BlackElo "1786"]
[Result "0-1"]
[PlyCount "114"]
[EventDate "2014.12.04"]

1. e4 c5 2. Nf3 d6 3. Bb5+ Bd7 4. Bxd7+ Qxd7 5. O-O Nc6 6. Re1 e5 7. c3 Nf6 8.
d4 g6 9. dxe5 dxe5 10. Qxd7+ Nxd7 11. Be3 O-O-O 12. Ng5 Rg8 13. Nxf7 Re8 14.
Bh6 Be7 15. f3 g5 16. Bxg5 Bxg5 17. Nd6+ Kd8 18. Nxe8 Kxe8 19. Na3 Nb6 20. Kf2
a6 21. Red1 Ke7 22. b3 Nd7 23. Nc4 Rg6 24. a4 Ncb8 25. g3 Re6 26. Ne3 Bxe3+ 27.
Kxe3 Nc6 28. Rab1 Na5 29. b4 Nc4+ 30. Ke2 Rb6 31. bxc5 Rxb1 32. Rxb1 Nxc5 33.
Rb4 Nd6 34. a5 Nc8 35. Rc4 Kd6 36. f4 exf4 37. gxf4 Ne7 38. f5 Nd7 39. Rd4+ Kc7
40. Kf3 Nc6 41. Ra4 Kd6 42. Kf4 h6 43. Ra1 Ke7 44. Rg1 Nxa5 45. Rg7+ Ke8 46.
Rh7 Nc4 47. Rxh6 a5 48. Rh8+ Ke7 49. Ra8 b5 50. h4 b4 51. cxb4 axb4 52. Ra7 b3
53. Ra1 Nd2 54. e5 b2 55. Rh1 Nc5 56. h5 Nd3+ 57. Kg5 Nc1 0-1

[Event "XXXV Memorial Edoardo Crespi A"]
[Site "Milano ITA"]
[Date "2014.12.08"]
[Round "7"]
[White "Nepi, Ezio"]
[Black "Nordio, Giorgio"]
[WhiteElo "1962"]
[BlackElo "1766"]
[Result "1-0"]
[PlyCount "63"]
[EventDate "2014.12.04"]

1. d4 c6 2. c4 d5 3. Nf3 Nf6 4. Qc2 a6 5. g3 b5 6. c5 g6 7. Bg2 Bg7 8. O-O O-O
9. Bf4 Re8 10. Ne5 Nfd7 11. a4 Nxe5 12. dxe5 Bf5 13. e4 dxe4 14. Rd1 Qa5 15.
Bxe4 Bxe4 16. Qxe4 bxa4 17. Qc4 Qb5 18. Rxa4 Qb7 19. Nc3 Bh8 20. Ne4 Bg7 21.
Ng5 Rf8 22. Ra3 Qc8 23. Rad3 Ra7 24. Nxf7 e6 25. Rd8 Qc7 26. Rxf8+ Bxf8 27. Ng5
Qc8 28. Nxe6 Rd7 29. Nxf8+ Kxf8 30. Bh6+ Ke7 31. Rd6 Kd8 32. e6 1-0

[Event "XXXV Memorial Edoardo Crespi A"]
[Site "Milano ITA"]
[Date "2014.12.08"]
[Round "7"]
[White "Ni, Polina"]
[Black "Regorda, Vittorio"]
[WhiteElo "1864"]
[BlackElo "1780"]
[Result "1/2-1/2"]
[PlyCount "56"]
[EventDate "2014.12.04"]

1. e4 e6 2. d4 d5 3. Nd2 a6 4. Bd3 c5 5. c3 Nc6 6. Ne2 Be7 7. e5 cxd4 8. cxd4
Nh6 9. O-O O-O 10. Nf3 Nf5 11. g4 Nh4 12. Nxh4 Bxh4 13. f4 Be7 14. Rf3 f5 15.
gxf5 exf5 16. h3 g6 17. a3 Qb6 18. Bb1 Be6 19. Rb3 Qa7 20. Be3 Rac8 21. Rd3 b5
22. Qe1 b4 23. a4 a5 24. Ba2 Qa6 25. Rad1 Rc7 26. Bb3 Rfc8 27. Qg3 Nd8 28. Kg2
Qc6 1/2-1/2

[Event "XXXV Memorial Edoardo Crespi A"]
[Site "Milano ITA"]
[Date "2014.12.08"]
[Round "7"]
[White "Primerano, Carlo"]
[Black "Burani, Eugenio"]
[WhiteElo "1719"]
[BlackElo "1837"]
[Result "1/2-1/2"]
[PlyCount "75"]
[EventDate "2014.12.04"]

1. d4 Nf6 2. c4 c5 3. d5 d6 4. Nc3 e6 5. e4 exd5 6. cxd5 g6 7. Bd3 Bg7 8. h3
O-O 9. Nf3 b5 10. Bxb5 Nxe4 11. Nxe4 Qa5+ 12. Nc3 Bxc3+ 13. bxc3 Qxb5 14. Be3
Bf5 15. Qb3 a6 16. c4 Qb4+ 17. Nd2 Nd7 18. O-O Ne5 19. Qxb4 cxb4 20. Bf4 Rfe8
21. Rfe1 f6 22. Rad1 Rec8 23. Bxe5 fxe5 24. Rc1 a5 25. g4 Bd7 26. Ne4 Ba4 27.
Nxd6 Rd8 28. Ne4 b3 29. axb3 Bxb3 30. Nc5 a4 31. Re3 Rab8 32. Rxe5 a3 33. Nxb3
Rxb3 34. Re2 Rxh3 35. Ra2 Rb3 36. Rca1 Rc3 37. Rxa3 Rxc4 38. Ra8 1/2-1/2

[Event "XXXV Memorial Edoardo Crespi A"]
[Site "Milano ITA"]
[Date "2014.12.08"]
[Round "7"]
[White "Ricci, Leonardo"]
[Black "Casartelli, Fabio"]
[WhiteElo "1814"]
[BlackElo "1847"]
[Result "1-0"]
[PlyCount "75"]
[EventDate "2014.12.04"]

1. e4 e5 2. Nf3 Nf6 3. Nxe5 d6 4. Nf3 Nxe4 5. d3 Nf6 6. Bg5 Be7 7. g3 O-O 8.
Bg2 h6 9. Bd2 c6 10. O-O Bg4 11. Bc3 Nbd7 12. Qd2 Nd5 13. Re1 Re8 14. Bd4 c5
15. Be3 Nxe3 16. Rxe3 Qb6 17. c4 Bf6 18. Rxe8+ Rxe8 19. Nc3 Bxc3 20. Qxc3 Re2
21. Rb1 Qb4 22. Qxb4 cxb4 23. Nd4 Rd2 24. Bxb7 Nc5 25. Bd5 Nxd3 26. Nb5 Nxf2
27. Nxd6 Nh3+ 28. Kf1 Be6 29. Bxe6 fxe6 30. c5 Kf8 31. Rc1 a5 32. c6 Rxh2 33.
Rc4 Ke7 34. Nf5+ exf5 35. c7 Ng5 36. c8=Q Ne4 37. Qc7+ Kf6 38. Rc6+ 1-0

[Event "XXXV Memorial Edoardo Crespi A"]
[Site "Milano ITA"]
[Date "2014.12.08"]
[Round "7"]
[White "Sannino, Raffaele"]
[Black "Calcagno, Stefano"]
[WhiteElo "2025"]
[BlackElo "1828"]
[Result "1/2-1/2"]
[PlyCount "82"]
[EventDate "2014.12.04"]

1. e4 g6 2. c4 Bg7 3. Nc3 e5 4. Nf3 Nc6 5. Rb1 Nge7 6. b4 O-O 7. Be2 Nd4 8. b5
c6 9. a4 d5 10. Ba3 Nxe2 11. Qxe2 d4 12. Nd1 Re8 13. d3 Qa5+ 14. Bb4 Qc7 15.
O-O c5 16. Bd2 b6 17. Ne1 f5 18. f3 f4 19. Nf2 Be6 20. g3 g5 21. Ng2 Ng6 22.
Ra1 Rf8 23. Ra2 Qf7 24. g4 h5 25. h3 hxg4 26. hxg4 Bf6 27. Rfa1 Kg7 28. a5 Qb7
29. axb6 axb6 30. Be1 Be7 31. Qb2 Bd6 32. Ra3 Kf6 33. Qa2 Rxa3 34. Qxa3 Rb8 35.
Qa7 Bc8 36. Nd1 Qxa7 37. Rxa7 Rb7 38. Ra8 Rb8 39. Ra1 Bc7 40. Nb2 Nf8 41. Ra7
Rb7 1/2-1/2

[Event "XXXV Memorial Edoardo Crespi A"]
[Site "Milano ITA"]
[Date "2014.12.08"]
[Round "7"]
[White "Sibajeva, Marija"]
[Black "Pecorario, Stefano"]
[WhiteElo "1817"]
[BlackElo "1877"]
[Result "1/2-1/2"]
[PlyCount "157"]
[EventDate "2014.12.04"]

1. e4 e5 2. Nf3 Nc6 3. Bb5 a6 4. Ba4 d6 5. d3 Nf6 6. O-O Be7 7. h3 O-O 8. c3
Re8 9. Be3 b5 10. Bc2 Bf8 11. Nbd2 Ne7 12. Re1 Ng6 13. d4 Bb7 14. d5 c6 15. c4
cxd5 16. cxd5 Rc8 17. Nf1 Nh5 18. Rc1 Nf6 19. Ng3 Be7 20. Nf5 Qd7 21. Qd2 Bd8
22. Qb4 Bc7 23. Bd3 Bxd5 24. exd5 e4 25. Bxb5 axb5 26. N3d4 Nxd5 27. Qxb5 Qxb5
28. Nxb5 Nxe3 29. fxe3 Ba5 30. Red1 Rxc1 31. Rxc1 d5 32. Nbd6 Rb8 33. Rc8+ Rxc8
34. Nxc8 Kf8 35. a3 Bd2 36. Kf2 Bc1 37. b4 Bxa3 38. b5 Ne5 39. b6 g6 40. b7 Nc6
41. Nd4 Nb8 42. Na7 Bd6 43. Nac6 Na6 44. Nc2 Ke8 45. N2b4 Bxb4 46. Nxb4 Nb8 47.
Nxd5 h6 48. Nf6+ Kd8 49. Nxe4 Kc7 50. Nf6 Kxb7 51. Ng4 Nc6 52. Nxh6 Nd8 53. Kf3
Kc7 54. g4 Kd6 55. h4 Ke6 56. Kf4 Kf6 57. Ng8+ Kg7 58. Ne7 Ne6+ 59. Ke5 Nc5 60.
Kd4 Nb3+ 61. Kc3 Nc5 62. Kd4 Nb3+ 63. Ke4 Nc5+ 64. Kf3 Nd3 65. Nc6 Ne1+ 66. Kf2
Nd3+ 67. Ke2 Nc1+ 68. Kd2 Nb3+ 69. Kc3 Nc5 70. Kd4 Nb3+ 71. Ke5 Nd2 72. Kf4 Nc4
73. Ne5 Nd6 74. h5 gxh5 75. gxh5 Kh6 76. Kg4 f6 77. Nd3 Nc4 78. e4 Nd6 79. Nf2
1/2-1/2

[Event "XXXV Memorial Edoardo Crespi A"]
[Site "Milano ITA"]
[Date "2014.12.08"]
[Round "7"]
[White "Villalba, Fernando"]
[Black "Laurino, Alberto"]
[WhiteElo "1848"]
[BlackElo "1770"]
[Result "1/2-1/2"]
[PlyCount "60"]
[EventDate "2014.12.04"]

1. d4 Nf6 2. Nf3 g6 3. Bf4 Bg7 4. c3 d6 5. e3 O-O 6. Be2 b6 7. Nbd2 Bb7 8. h3
Nbd7 9. O-O c5 10. Rc1 Rc8 11. Bh2 Ne4 12. Bd3 Ndf6 13. Nxe4 Bxe4 14. Ba6 Rb8
15. Nd2 Bc6 16. Be2 Qd7 17. Bf3 Qb7 18. Re1 Ne4 19. Nxe4 Bxe4 20. Bxe4 Qxe4 21.
Qf3 Qxf3 22. gxf3 Rbc8 23. d5 b5 24. e4 f6 25. b3 g5 26. f4 Bh6 27. e5 gxf4 28.
exd6 exd6 29. Re6 Rcd8 30. Rc2 Rd7 1/2-1/2